Meme - Puceau, moi ? - Statistiques

Statistiques générales
  • Ce quiz a été pris 118 fois
  • Le résultat moyen est 100 sur 216
Statistiques - réponses
Réponse % Correct
p...
99%
m'
98%
moi ?
97%
moi,
97%
moi
97%
à
96%
Puceau,
96%
puceau,
96%
puceau
96%
d'
88%
l'
87%
me
87%
de
85%
C'
83%
c'
83%
j'
80%
Demande
77%
je
74%
potes
74%
mes
73%
pas
73%
Pas
73%
qu'
73%
si
73%
SI
73%
suis
71%
On
70%
ce
68%
la
68%
tu
68%
Tu
68%
ma
66%
looongtemps !!
65%
avait
62%
le
62%
se
62%
que
61%
te
59%
depuis
57%
ai
55%
vas
53%
voir
52%
merde,
49%
merde !
49%
est
46%
Haha ^^
46%
les
46%
sortie
46%
prendre
44%
Rien
44%
dit,
43%
as
42%
un
42%
réponses
41%
semaine
41%
celle-là
40%
niqué,
36%
ou
36%
il
35%
mais
33%
qui
33%
ne
32%
air
31%
alors,
31%
passée,
31%
ta
31%
toi
31%
en
30%
sais
29%
sais,
29%
sérieusement ?
29%
amis.
28%
bon
28%
hier
28%
missionnaire
28%
"missionnaire
28%
amazone
27%
"amazone
27%
baiser.
27%
plus
27%
c'est,
26%
CHUUUUUT !!
26%
eu
26%
fille
26%
sexe"
26%
tout
26%
donc
25%
Donc,
25%
une
25%
avec
24%
meuf
23%
couché
22%
dans
21%
ils
21%
MMDRRRRR !!!
21%
bande
20%
20%
parce
20%
car
19%
Car
19%
faire
19%
moins
19%
recherche
19%
belle
18%
eux :
18%
non,
18%
pour
18%
vous
18%
Quoi
17%
taper
17%
"Trop
17%
barre
16%
Ferme-la
16%
meilleurs
16%
répondre,
16%
était.
15%
onze
15%
femmes
14%
veux...
14%
XD
14%
boîte
13%
mec
13%
pense
13%
peux
13%
agréable
12%
comprendre
12%
êtes
12%
frustrés
12%
notamment."
12%
revenir
12%
insta
11%
soit,
11%
sous
11%
hein ?
10%
souvent
10%
commentent
9%
grave.
9%
jolies
9%
photos
9%
rapports
9%
après,
7%
intimes
7%
Aucun quiz correspondant
Distribution des résultats
% des personnes avec chaque résultat
Percentile par nombre de réponses
Votre historique - résultats
Vous n’avez pas pris ce quiz